00322nam a2200109Ia 4500008004100000082001300041100002300054245004600077260006400123300001000187700001500197150201s2008 xx 000 0 und d a6.7bPRE aPratt, Terrence W. aweb engineering a practitioner's approach bTata McGraw Hill Education Private LimitedaNew Delhic2008 a458p. aLowe,David